000 00313nam a22001337a 4500
008 181207b xxu||||| |||| 00| 0 eng d
020 _a9780890423158
041 _aeng
080 _a159.9
100 _a48
101 _aPSI
245 _aPractice Treatment Phychiatric Disorder
_cWiliam p
942 _2udc
_cBK
999 _c53094
_d53094